A student's pocket companion to accompany fundamentals of physics. (Record no. 19654)

MARC details
000 -LEADER
fixed length control field 00882cam a2200265 a 4500
001 - CONTROL NUMBER
control field 2505358
003 - CONTROL NUMBER IDENTIFIER
control field mut
005 - DATE AND TIME OF LATEST TRANSACTION
control field 20240606081502.0
008 - FIXED-LENGTH DATA ELEMENTS--GENERAL INFORMATION
fixed length control field 920821s1993 nyua 001 0 eng
010 ## - LIBRARY OF CONGRESS CONTROL NUMBER
LC control number 92032801
020 ## - INTERNATIONAL STANDARD BOOK NUMBER
International Standard Book Number 0471111740
040 ## - CATALOGING SOURCE
Original cataloging agency DLC
Transcribing agency MUT
Modifying agency DLC
050 00 - LIBRARY OF CONGRESS CALL NUMBER
Classification number QC 21.2
Item number .C34 1995
082 00 - DEWEY DECIMAL CLASSIFICATION NUMBER
Classification number 530
Edition information 20
100 1# - MAIN ENTRY--PERSONAL NAME
Personal name Christman,J.Richard
245 10 - TITLE STATEMENT
Title A student's pocket companion to accompany fundamentals of physics.
250 ## - EDITION STATEMENT
Edition statement 4th ed. /
Remainder of edition statement David Halliday, Robert Resnick, Jearl Walker.
260 ## - PUBLICATION, DISTRIBUTION, ETC.
Place of publication, distribution, etc. New York :
Name of publisher, distributor, etc. John Wiley & Sons Inc,
Date of publication, distribution, etc. c1995.
504 ## - BIBLIOGRAPHY, ETC. NOTE
Bibliography, etc. note Includes index.
650 #0 - SUBJECT ADDED ENTRY--TOPICAL TERM
Topical term or geographic name entry element Physics.
700 1# - ADDED ENTRY--PERSONAL NAME
Personal name Halliday, David,....etal
906 ## - LOCAL DATA ELEMENT F, LDF (RLIN)
a 7
b cbc
c orignew
d 1
e ocip
f 19
g y-gencatlg
942 ## - ADDED ENTRY ELEMENTS (KOHA)
Source of classification or shelving scheme Library of Congress Classification
Koha item type Books
Holdings
Withdrawn status Lost status Source of classification or shelving scheme Damaged status Not for loan Home library Current library Shelving location Date acquired Source of acquisition Total checkouts Full call number Barcode Date last seen Date last checked out Price effective from Koha item type
    Library of Congress Classification     Murang'a University of Technology Library Murang'a University of Technology Library General stacks 02/07/2019 Donation-TFC 2 QC 21.2 .C34 1995 026482 30/08/2024 06/06/2024 02/07/2019 Books